000
00287nam a22001217a 4500
008
181107b xxu||||| |||| 00| 0 eng d
041
_a
eng
080
_2
7 th
_a
341
100
_a
15
101
_a
JUR
245
_a
Securties Regulation Case And Materials
_c
Cox.H
942
_2
udc
_c
BK
999
_c
52131
_d
52131